| 000 | 00740cam a22002412 4500 | ||
|---|---|---|---|
| 001 | 77061 | ||
| 003 | BD-RjUL | ||
| 005 | 20211209082924.0 | ||
| 008 | 780819s1953 xx 000 0 eng d | ||
| 035 | _a(BD-RjUL)77285 | ||
| 040 |
_aAPL _cAPL _dUKM _dEQO _beng |
||
| 041 | _aeng | ||
| 082 |
_221 _a796.358 _bTOO 1953 |
||
| 100 | 1 |
_aTownsend, David, _d1912- _9239586 |
|
| 245 | 1 | 4 |
_aThe Oxford pocket book of cricket coaching / _cDavid Townsend |
| 260 |
_aLondon ; _aNew York : _bOxford University Press, _c1953. |
||
| 300 |
_a90 p. _billus.; _c17 cm |
||
| 500 | _aImprint covered by distributor's label: New York, Sport Shelf. | ||
| 650 |
_acricket _9239587 |
||
| 942 |
_2ddc _cBK |
||
| 999 |
_c77061 _d77061 |
||